[Event "Preferente Aragonesa Grupo A"]
[Site "?"]
[Date "2017.03.18"]
[Round "8.34"]
[White "Lopez Guaita, Fernando"]
[Black "Antonano Fedz-Quincoces, Aveli"]
[Result "0-1"]
[WhiteElo "1925"]
[BlackElo "1949"]
[PlyCount "84"]
[EventDate "2017.01.28"]
[WhiteTeam "Agrupacion C"]
[BlackTeam "St. Casablanca C"]

1. d4 g6 2. e4 Bg7 3. Nf3 c5 4. c3 cxd4 5. cxd4 d5 6. e5 Bg4 7. Qb3 Qd7 8. Nc3
Bxf3 9. gxf3 Nc6 10. Be3 e6 11. Na4 Bf8 12. Bb5 Nh6 13. Nc5 Bxc5 14. dxc5 Nf5
15. Qa4 a6 16. Bxc6 Qxc6 17. Qxc6+ bxc6 18. Rg1 h5 19. Ke2 Kd7 20. Kd3 Rhb8 21.
Rab1 Rb4 22. f4 Rab8 23. b3 a5 24. Bd2 Rd4+ 25. Ke2 Rb5 26. Rgc1 Re4+ 27. Kd3
Nd4 28. Be3 Nf5 29. Bd2 a4 30. bxa4 Rxa4 31. Rxb5 cxb5 32. c6+ Kc7 33. Rc2 Rc4
34. Rb2 Kxc6 35. Rb3 Kc5 36. Ra3 Rd4+ 37. Ke2 Ra4 38. Rc3+ Rc4 39. Ra3 Nd4+ 40.
Kd3 Nf3 41. Ke2 Nxd2 42. Kxd2 Rxf4 0-1

[Event "Preferente Aragonesa Grupo A"]
[Site "?"]
[Date "2017.03.18"]
[Round "8.35"]
[White "Arjol Lopez, Daniel"]
[Black "Moreno Martin-Viveros, Alvaro"]
[Result "1-0"]
[WhiteElo "1927"]
[BlackElo "1881"]
[PlyCount "79"]
[EventDate "2017.01.28"]
[WhiteTeam "St. Casablanca C"]
[BlackTeam "Agrupacion C"]

1. e4 d5 2. exd5 Qxd5 3. Nc3 Qa5 4. Bc4 Nf6 5. d3 Nc6 6. Bd2 Qb6 7. Nf3 Bg4 8.
Na4 Qd4 9. Nxd4 Bxd1 10. Bb5 O-O-O 11. Nxc6 Rd5 12. Rxd1 bxc6 13. Bxc6 Rd6 14.
Bf3 e6 15. Bb4 Rd4 16. Bxf8 Rxf8 17. Nc3 a6 18. O-O g5 19. Ne4 Nxe4 20. dxe4
Rb4 21. b3 f6 22. a3 Rb6 23. Rd2 Rd6 24. Rfd1 Rfd8 25. Rxd6 cxd6 26. c4 Kc7 27.
g3 Kb6 28. Bg4 e5 29. Bf5 h6 30. Rd5 Kc7 31. b4 Ra8 32. Kg2 Rb8 33. c5 dxc5 34.
Rxc5+ Kb6 35. Bg4 Rd8 36. Rd5 Rc8 37. Be2 Rc1 38. Rd6+ Rc6 39. Rxc6+ Kxc6 40.
Bxa6 1-0

[Event "Preferente Aragonesa Grupo A"]
[Site "?"]
[Date "2017.03.18"]
[Round "8.36"]
[White "Serrat Claver, David"]
[Black "Alvarez Gonzalo, Miguel Angel"]
[Result "1-0"]
[WhiteElo "1849"]
[BlackElo "1860"]
[PlyCount "41"]
[EventDate "2017.01.28"]
[WhiteTeam "Agrupacion C"]
[BlackTeam "St. Casablanca C"]

1. e4 c5 2. c3 e6 3. Nf3 Nf6 4. e5 Nd5 5. d4 d6 6. a3 a6 7. c4 Nc7 8. dxc5 dxc5
9. Qxd8+ Kxd8 10. Nc3 Nc6 11. Be3 Rb8 12. Ne4 b6 13. Rd1+ Bd7 14. Neg5 f6 15.
Nf7+ Ke7 16. Nxh8 Be8 17. Bd3 g6 18. Bf4 Rc8 19. Be4 Bg7 20. exf6+ Bxf6 21.
Bd6+ 1-0

[Event "Preferente Aragonesa Grupo A"]
[Site "?"]
[Date "2017.03.18"]
[Round "8.37"]
[White "Malo Guillen, Jose Luis"]
[Black "Veras Sanz, Marino"]
[Result "1-0"]
[WhiteElo "2118"]
[BlackElo "2044"]
[PlyCount "57"]
[EventDate "2017.01.28"]
[WhiteTeam "Las Fuentes"]
[BlackTeam "El Olivar B"]

1. d4 d6 2. Nf3 g6 3. g3 Bg7 4. Bg2 Nf6 5. O-O O-O 6. c4 c6 7. Nc3 Qa5 8. e4 e5
9. Rb1 exd4 10. Nxd4 Qc5 11. Nde2 Ng4 12. b3 b5 13. h3 Ne5 14. Be3 Qb4 15. cxb5
cxb5 16. Nd5 Qa5 17. Qc2 Na6 18. f4 Nd7 19. f5 Nb4 20. Nxb4 Qxb4 21. e5 Rb8 22.
e6 Nc5 23. exf7+ Rxf7 24. fxg6 Rxf1+ 25. Rxf1 Be6 26. gxh7+ Kh8 27. Nf4 Qc3 28.
Ng6+ Kxh7 29. Nf8+ 1-0

[Event "Preferente Aragonesa Grupo A"]
[Site "?"]
[Date "2017.03.18"]
[Round "8.38"]
[White "Galve Guinea, Alejandro"]
[Black "Alonso Blasco, Jose Miguel"]
[Result "1/2-1/2"]
[WhiteElo "2029"]
[BlackElo "1952"]
[PlyCount "59"]
[EventDate "2017.01.28"]
[WhiteTeam "El Olivar B"]
[BlackTeam "Las Fuentes"]

1. Nf3 Nf6 2. c4 e6 3. Nc3 Bb4 4. Qc2 O-O 5. a3 Bxc3 6. Qxc3 b6 7. e3 Bb7 8.
Be2 a5 9. b3 Ne4 10. Qc2 f5 11. Bb2 d6 12. d3 Nf6 13. O-O Qe7 14. b4 Nbd7 15.
Bc3 axb4 16. axb4 Ng4 17. Qb2 e5 18. Rxa8 Rxa8 19. Ra1 Rxa1+ 20. Qxa1 e4 21.
dxe4 Bxe4 22. h3 Nge5 23. Nxe5 Nxe5 24. Bxe5 dxe5 25. Qc3 h6 26. Bd3 Bxd3 27.
Qxd3 e4 28. Qd5+ Qf7 29. Qd4 Qe7 30. Qd5+ 1/2-1/2

[Event "Preferente Aragonesa Grupo A"]
[Site "?"]
[Date "2017.03.18"]
[Round "8.39"]
[White "Mombiela De Sus, Jose Luis"]
[Black "Bailo Remacha, Santiago"]
[Result "0-1"]
[WhiteElo "1911"]
[BlackElo "1957"]
[PlyCount "58"]
[EventDate "2017.01.28"]
[WhiteTeam "Las Fuentes"]
[BlackTeam "El Olivar B"]

1. e4 c5 2. Nf3 d6 3. Bb5+ Bd7 4. Bxd7+ Qxd7 5. O-O Nc6 6. Qe2 g6 7. c3 Bg7 8.
Rd1 e5 9. a3 f5 10. exf5 gxf5 11. d4 cxd4 12. Nxd4 O-O-O 13. Nxc6 Qxc6 14. c4
e4 15. Bg5 Rd7 16. Qe3 b6 17. Nc3 Nf6 18. Bxf6 Bxf6 19. Nd5 Bxb2 20. Rab1 Be5
21. Rb5 Rg7 22. Qh3 Rf8 23. a4 Kb8 24. f4 exf3 25. Qxf3 Qxc4 26. Qf2 Rfg8 27.
g3 Bxg3 28. Rxb6+ axb6 29. Qxb6+ Rb7 0-1

[Event "Preferente Aragonesa Grupo A"]
[Site "?"]
[Date "2017.03.18"]
[Round "8.40"]
[White "Arinez Bruna, Octavio"]
[Black "Morato Garcia, Jesus"]
[Result "1-0"]
[WhiteElo "1890"]
[BlackElo "1909"]
[PlyCount "129"]
[EventDate "2017.01.28"]
[WhiteTeam "El Olivar B"]
[BlackTeam "Las Fuentes"]

1. c4 Nf6 2. g3 c5 3. Bg2 Nc6 4. Nc3 g6 5. Nf3 Bg7 6. d4 cxd4 7. Nxd4 O-O 8.
O-O Rb8 9. Bf4 Ra8 10. Nc2 d6 11. Qd2 Bd7 12. Bh6 Qc8 13. Bxg7 Kxg7 14. Rfd1
Bh3 15. Ne3 Bxg2 16. Kxg2 Qe6 17. Ned5 Rac8 18. b3 h5 19. Qe3 Qxe3 20. Nxe3
Rfd8 21. h3 Ne5 22. Rac1 Kf8 23. Ned5 Nfd7 24. f4 Nc6 25. Kf3 Nc5 26. g4 hxg4+
27. hxg4 Kg7 28. Ne4 Ne6 29. e3 Rh8 30. Rh1 Rxh1 31. Rxh1 Rh8 32. Rxh8 Kxh8 33.
f5 Nf8 34. f6 exf6 35. Ndxf6 Ne5+ 36. Kg3 Nd3 37. Nxd6 Nc1 38. Nxb7 Nxa2 39. c5
Ne6 40. Nd5 Nc1 41. c6 Nxb3 42. c7 Nxc7 43. Nxc7 a5 44. Nb5 Kg7 45. Kf4 Kf6 46.
Nd4 a4 47. Nxb3 axb3 48. Nd6 b2 49. Ne4+ Ke6 50. Nd2 f6 51. e4 Kd7 52. e5 Ke6
53. exf6 Kxf6 54. g5+ Ke6 55. Ke4 Kd7 56. Kd5 Ke7 57. Ke5 Kf7 58. Kd6 Kf8 59.
Ke6 Kg7 60. Ke7 Kg8 61. Kf6 Kh7 62. Kf7 Kh8 63. Kxg6 Kg8 64. Nb1 Kh8 65. Kf7
1-0

[Event "Preferente Aragonesa Grupo A"]
[Site "?"]
[Date "2017.03.18"]
[Round "8.42"]
[White "Aribau Rivas, Miguel Angel"]
[Black "Fuentes Espuna, Juan Antonio"]
[Result "1-0"]
[WhiteElo "2030"]
[BlackElo "1962"]
[PlyCount "105"]
[EventDate "2017.01.28"]
[WhiteTeam "Fraga"]
[BlackTeam "L'Aurora Estadilla B"]

1. e4 c5 2. Nc3 g6 3. f4 Bg7 4. Nf3 e6 5. Bc4 Ne7 6. O-O O-O 7. d3 Nbc6 8. a3
d5 9. Bb3 a6 10. Qe1 Nd4 11. Nxd4 Bxd4+ 12. Kh1 Re8 13. Qh4 b5 14. f5 exf5 15.
Bg5 Qd6 16. Bxd5 Bxc3 17. Bxa8 Bxb2 18. Rae1 Be6 19. Bb7 fxe4 20. Bxe4 Qd7 21.
Bf6 Bxf6 22. Qxf6 Nd5 23. Qg5 Rf8 24. c4 bxc4 25. dxc4 Nb6 26. Qxc5 Nxc4 27.
Rd1 Qa4 28. Rd4 Rc8 29. Qb4 Qxa3 30. Rxc4 Bxc4 31. Qxa3 Bxf1 32. Kg1 Bb5 33.
Bd5 Rc2 34. h4 h5 35. Kh2 Rf2 36. Qe3 Rf1 37. Qe5 Rf5 38. Qd6 Rf1 39. Kg3 Rc1
40. Kf4 Rf1+ 41. Kg5 Kh7 42. Bf3 Re1 43. Qf4 Be8 44. Be4 Ra1 45. Qe5 Rf1 46.
Bf3 Bc6 47. Qf6 Bd5 48. Bxd5 Rxf6 49. Kxf6 a5 50. Bxf7 a4 51. Bxg6+ Kh6 52. Bf7
a3 53. Bb3 1-0

[Event "Preferente Aragonesa Grupo A"]
[Site "?"]
[Date "2017.03.18"]
[Round "8.43"]
[White "Puertolas Serena, Arturo"]
[Black "Alsina Franco, Sergio"]
[Result "0-1"]
[WhiteElo "1832"]
[BlackElo "1875"]
[PlyCount "76"]
[EventDate "2017.01.28"]
[WhiteTeam "L'Aurora Estadilla B"]
[BlackTeam "Fraga"]

1. d4 Nf6 2. Nf3 d5 3. e3 c5 4. c3 Nc6 5. Bd3 Bg4 6. Nbd2 e6 7. O-O Bd6 8. h3
Bh5 9. dxc5 Bxc5 10. Qb3 Qb6 11. Qa4 O-O 12. Nd4 e5 13. Nxc6 bxc6 14. e4 Bg6
15. Qc2 Nh5 16. Nb3 dxe4 17. Bxe4 Be7 18. Be3 Qc7 19. Bxg6 hxg6 20. g3 e4 21.
Kg2 f5 22. Nd4 Rf7 23. Ne6 Qe5 24. Nf4 Nxf4+ 25. Bxf4 Qe6 26. h4 Rd8 27. Rfd1
Rff8 28. Qa4 Bc5 29. Bg5 Rd5 30. Qc4 Bb6 31. Qb3 f4 32. Bxf4 Rxf4 33. gxf4 Qg4+
34. Kf1 Qxh4 35. Rd2 Qh1+ 36. Ke2 Qf3+ 37. Kf1 e3 38. c4 e2+ 0-1

[Event "Preferente Aragonesa Grupo A"]
[Site "?"]
[Date "2017.03.18"]
[Round "8.44"]
[White "Chine Infantes, Miguel Angel"]
[Black "Rodriguez Avellanas, Jose Manu"]
[Result "0-1"]
[WhiteElo "1767"]
[BlackElo "1730"]
[PlyCount "51"]
[EventDate "2017.01.28"]
[WhiteTeam "Fraga"]
[BlackTeam "L'Aurora Estadilla B"]

1. e4 c6 2. d4 d5 3. exd5 cxd5 4. Nf3 Nc6 5. c3 Nf6 6. Bf4 a6 7. Nbd2 g6 8. Bd3
Bg7 9. O-O O-O 10. Ne5 Nd7 11. Nxc6 bxc6 12. Nf3 c5 13. Re1 Bb7 14. Ne5 Nxe5
15. Bxe5 Bxe5 16. Rxe5 cxd4 17. cxd4 e6 18. Bf1 Qb6 19. Re3 Rfc8 20. Rb3 Qc6
21. Rc1 Qxc1 22. Qxc1 Rxc1 23. Rxb7 Ra1 24. g3 Rxa2 25. Kg2 Ra4 26. b3 0-1

[Event "Preferente Aragonesa Grupo A"]
[Site "?"]
[Date "2017.03.18"]
[Round "8.46"]
[White "Buil Rello, Jose Antonio"]
[Black "Miranda Garcia, Eduardo"]
[Result "1-0"]
[WhiteElo "1781"]
[BlackElo "1844"]
[PlyCount "101"]
[EventDate "2017.01.28"]
[WhiteTeam "Jaime Casas B"]
[BlackTeam "Monsalud"]

1. e4 d6 2. d4 Nf6 3. Bd3 g6 4. Ne2 Bg7 5. f3 O-O 6. Be3 Nbd7 7. O-O e5 8. c4
c6 9. Nbc3 a6 10. Qd2 Qe7 11. Rac1 Ne8 12. Rfd1 Nc7 13. Bb1 Rd8 14. b3 exd4 15.
Nxd4 Ne5 16. Nde2 Be6 17. Bg5 f6 18. Be3 Rac8 19. Nf4 Bf7 20. Na4 g5 21. Ne2
Ne8 22. Nec3 h5 23. Nb6 Rb8 24. Ne2 h4 25. Nd4 Bh5 26. Nf5 Qe6 27. Rf1 h3 28.
Qf2 hxg2 29. Qxg2 Qf7 30. Ng3 Bg6 31. Rcd1 Qe7 32. Qd2 Nc7 33. Kg2 Ne6 34. h3
Qc7 35. Nf5 Nf7 36. Ng3 Nf4+ 37. Kh2 Re8 38. Qf2 Rbd8 39. Rd2 Qe7 40. Rfd1 Qe6
41. Bxf4 gxf4 42. Nf5 Ne5 43. Rxd6 Rxd6 44. Rxd6 Qf7 45. Nh4 Bf8 46. Rd1 Bh5
47. Bd3 Rd8 48. Be2 Rxd1 49. Bxd1 Bg7 50. Nf5 Qg6 51. Ne7+ 1-0

[Event "Preferente Aragonesa Grupo A"]
[Site "?"]
[Date "2017.03.18"]
[Round "8.47"]
[White "Miranda Herrera, Jorge Manuel"]
[Black "Salas Latorre, Jose"]
[Result "1-0"]
[WhiteElo "1780"]
[BlackElo "1750"]
[PlyCount "95"]
[EventDate "2017.01.28"]
[WhiteTeam "Monsalud"]
[BlackTeam "Jaime Casas B"]

1. e4 d5 2. exd5 Nf6 3. Nc3 Nxd5 4. Bc4 Nb6 5. Bb3 Nc6 6. Qf3 e6 7. Nge2 Be7 8.
d3 O-O 9. O-O Na5 10. Ne4 Nxb3 11. axb3 Nd5 12. Bd2 e5 13. c4 Nb4 14. Bxb4 Bxb4
15. N2c3 c6 16. Qe3 a6 17. Na4 Ba5 18. Rad1 Qc7 19. Qc5 b5 20. b4 Bxb4 21. Qxb4
bxa4 22. Qxa4 Qb6 23. b4 Rd8 24. Rfe1 Bf5 25. c5 Qb5 26. Qxb5 axb5 27. Nd6 Bg6
28. Rxe5 Bxd3 29. f4 Bc4 30. Re7 Kf8 31. Rc7 Bd5 32. Rd2 g6 33. Kf2 Rdb8 34.
Ke3 Ra4 35. Rb2 Rba8 36. Kd4 Rb8 37. Ke5 Kg7 38. h4 Ra3 39. h5 Rg3 40. h6+ Kf8
41. Kf6 Re3 42. Nxf7 Rbe8 43. Ng5 R3e7 44. Nxh7+ Kg8 45. Rxe7 Rxe7 46. Kxe7
Kxh7 47. g4 Kxh6 48. Kf6 1-0

[Event "Preferente Aragonesa Grupo A"]
[Site "?"]
[Date "2017.03.18"]
[Round "8.48"]
[White "Olivan Alvira, Alejandro"]
[Black "Miranda Herrera, Miguel"]
[Result "1-0"]
[WhiteElo "1550"]
[BlackElo "1496"]
[PlyCount "59"]
[EventDate "2017.01.28"]
[WhiteTeam "Jaime Casas B"]
[BlackTeam "Monsalud"]

1. c4 d6 2. e4 Nf6 3. Nc3 g6 4. d4 Bg7 5. f3 O-O 6. Be3 b6 7. Qd2 c5 8. d5 a6
9. h4 h5 10. Nh3 e6 11. Bg5 Qc7 12. Nf4 e5 13. Nd3 Bd7 14. Be2 b5 15. Nf2 b4
16. Ncd1 a5 17. b3 a4 18. Rb1 axb3 19. axb3 Ra3 20. g4 hxg4 21. fxg4 Qc8 22.
Bxf6 Bxf6 23. g5 Bg7 24. h5 f5 25. gxf6 Rxf6 26. Qg5 Qe8 27. h6 Bh8 28. h7+ Kf8
29. Qxf6+ Bxf6 30. h8=Q+ 1-0

[Event "Preferente Aragonesa Grupo A"]
[Site "?"]
[Date "2017.03.18"]
[Round "8.49"]
[White "Colas Longares, Rafael P"]
[Black "Accattato Martin, Mario"]
[Result "1-0"]
[WhiteElo "2318"]
[BlackElo "2251"]
[PlyCount "75"]
[EventDate "2017.01.28"]
[WhiteTeam "SMA Barbastro"]
[BlackTeam "Monzon"]

1. e4 d6 2. Nc3 e5 3. Bc4 Nf6 4. d3 c6 5. f4 Be7 6. Nf3 exf4 7. Bxf4 O-O 8. Bb3
Nbd7 9. d4 b5 10. e5 Ne8 11. O-O d5 12. Ne2 a5 13. c3 b4 14. Bc2 Ba6 15. Bd3
Nc7 16. Qc2 Bxd3 17. Qxd3 Ne6 18. Rae1 bxc3 19. bxc3 Rb8 20. Bc1 c5 21. Ng3 g6
22. Bh6 Re8 23. Re2 Bf8 24. Qd2 a4 25. Ref2 a3 26. Qc1 cxd4 27. cxd4 Qb6 28.
Bxf8 Ndxf8 29. Qxa3 Nxd4 30. Ng5 Rxe5 31. Nxf7 Ne2+ 32. Nxe2 Rxe2 33. Qf3 Rxf2
34. Rxf2 Qe6 35. h3 Nd7 36. Qc3 Qxf7 37. Rxf7 Kxf7 38. a4 1-0

[Event "Preferente Aragonesa Grupo A"]
[Site "?"]
[Date "2017.03.18"]
[Round "8.50"]
[White "Citoler Serrat, Adriano"]
[Black "Garcia Vicente, Nieves"]
[Result "0-1"]
[WhiteElo "1901"]
[BlackElo "2172"]
[PlyCount "60"]
[EventDate "2017.01.28"]
[WhiteTeam "Monzon"]
[BlackTeam "SMA Barbastro"]

1. Nf3 d5 2. d4 e6 3. c4 Nf6 4. Nc3 Bb4 5. Qa4+ Nc6 6. Bd2 O-O 7. a3 Bxc3 8.
Bxc3 Ne4 9. e3 Qe7 10. Qc2 Bd7 11. Bd3 f5 12. g4 Nxc3 13. bxc3 dxc4 14. Bxc4
fxg4 15. Nd2 Na5 16. Bd3 Qh4 17. Ne4 Bc6 18. O-O-O Bxe4 19. Bxe4 Rxf2 20. Rd2
Rxd2 21. Kxd2 Nc4+ 22. Kd3 Nd6 23. Qb3 Qf6 24. Bg2 Qg6+ 25. Ke2 Rf8 26. c4 Ne4
27. Rf1 Rxf1 28. Bxf1 Qf5 29. Qxb7 Qf2+ 30. Kd3 Qxf1+ 0-1

[Event "Preferente Aragonesa Grupo A"]
[Site "?"]
[Date "2017.03.18"]
[Round "8.51"]
[White "Guetas Sanchez, Hugo"]
[Black "Hidalgo Gracia, Andres"]
[Result "1-0"]
[WhiteElo "2131"]
[BlackElo "1797"]
[PlyCount "65"]
[EventDate "2017.01.28"]
[WhiteTeam "SMA Barbastro"]
[BlackTeam "Monzon"]

1. e4 c5 2. Nf3 e6 3. d4 cxd4 4. Nxd4 Nc6 5. Nc3 Qc7 6. Be3 a6 7. g3 Nf6 8. Bg2
Be7 9. O-O O-O 10. Nb3 b5 11. a3 Bb7 12. f4 Rfd8 13. e5 Ne8 14. a4 b4 15. Ne4
d6 16. Qh5 dxe5 17. fxe5 Nxe5 18. a5 g6 19. Qh3 Nc4 20. Rxf7 Ng7 21. Ng5 Bxg5
22. Rxc7 Bxe3+ 23. Kh1 Bxg2+ 24. Qxg2 Nd6 25. Rd1 Nde8 26. Rcd7 Rxd7 27. Rxd7
Rc8 28. Qf3 Nf5 29. g4 Nf6 30. Qb7 Rf8 31. gxf5 Nxd7 32. Qxd7 Bg5 33. fxe6 1-0

[Event "Preferente Aragonesa Grupo A"]
[Site "?"]
[Date "2017.03.18"]
[Round "8.52"]
[White "Barranco Mananet, Fernando"]
[Black "Sig Vargas, Pablo"]
[Result "1-0"]
[WhiteElo "1787"]
[BlackElo "1890"]
[PlyCount "105"]
[EventDate "2017.01.28"]
[WhiteTeam "Monzon"]
[BlackTeam "SMA Barbastro"]

1. c4 e5 2. Nc3 Bb4 3. Qc2 Bxc3 4. Qxc3 Nc6 5. d3 Nf6 6. Bg5 d6 7. g3 h6 8. Bd2
Bd7 9. Bg2 Qc8 10. Nf3 Bh3 11. O-O O-O 12. e4 Nh5 13. c5 Bxg2 14. Kxg2 Qe6 15.
cxd6 Qxd6 16. Be3 Rfd8 17. Rfd1 Nf6 18. h3 Qe6 19. b4 a6 20. a4 Qd6 21. Bc5 Qd7
22. Nxe5 Nxe5 23. Qxe5 Re8 24. Qf4 a5 25. b5 Nd5 26. Qg4 Qxg4 27. hxg4 Nb4 28.
Bxb4 axb4 29. Rdb1 Red8 30. Rxb4 Rxd3 31. Rc1 Rd7 32. Rbc4 b6 33. Kf3 Ra7 34.
Ke3 Kf8 35. f4 f6 36. R1c3 Ke7 37. Rd3 Rxd3+ 38. Kxd3 Kd6 39. Kd4 Ra8 40. e5+
fxe5+ 41. fxe5+ Kd7 42. Kd5 Ra7 43. e6+ Ke7 44. Rf4 Ke8 45. Kc6 Ke7 46. Re4 g6
47. Kd5 Ra8 48. Rc4 Ra7 49. Ke5 Rb7 50. Rd4 Ra7 51. Rd7+ Ke8 52. Kf6 Ra8 53.
Rh7 1-0

[Event "Preferente Aragonesa Grupo B"]
[Site "Aragon"]
[Date "2017.03.18"]
[Round "8.53"]
[White "Pes Mateo, Angel"]
[Black "Climente Martinez, Jose Luis"]
[Result "1/2-1/2"]
[WhiteElo "1955"]
[BlackElo "2056"]
[PlyCount "78"]
[EventDate "2017.01.28"]
[WhiteTeam "Delicias B"]
[BlackTeam "Sabiñanigo"]

1. d4 Nf6 2. Nf3 d5 3. c3 c5 4. dxc5 e6 5. b4 a5 6. Qb3 b6 7. cxb6 axb4 8. a3
Qxb6 9. Bb2 Bc5 10. e3 bxa3 11. Qxb6 Bxb6 12. Rxa3 Rxa3 13. Bxa3 Ba6 14. Nd4
Bxf1 15. Kxf1 Kd7 16. Ke2 Rc8 17. Rc1 Ne4 18. f3 Nd6 19. Bxd6 Kxd6 20. Na3 Bxd4
21. exd4 Nc6 22. Kd3 Rb8 23. Rb1 Rxb1 24. Nxb1 Na5 25. Nd2 h5 26. f4 f6 27. g3
Kc6 28. h3 Kb5 29. g4 hxg4 30. hxg4 Nc6 31. Nf3 Ne7 32. Nd2 Ng6 33. Ke3 Nh4 34.
Kf2 Ng6 35. Ke3 Nh8 36. Kd3 Nf7 37. c4+ dxc4+ 38. Nxc4 Kc6 39. Ne3 Nd6 1/2-1/2

[Event "Preferente Aragonesa Grupo B"]
[Site "Aragon"]
[Date "2017.03.18"]
[Round "8.54"]
[White "Ainsa Claver, Ignacio"]
[Black "Sarrio Bambo, Pablo"]
[Result "1/2-1/2"]
[WhiteElo "1956"]
[BlackElo "1865"]
[PlyCount "71"]
[EventDate "2017.01.28"]
[WhiteTeam "Sabiñanigo"]
[BlackTeam "Delicias B"]

1. c4 Nf6 2. Nc3 g6 3. g3 Bg7 4. Bg2 O-O 5. e3 c5 6. Nge2 Nc6 7. d4 cxd4 8.
exd4 d6 9. O-O Bg4 10. h3 Bd7 11. Be3 Qc8 12. Kh2 h5 13. Rc1 Rd8 14. Bg5 Re8
15. Nd5 Nh7 16. Be3 e5 17. Qd2 Ne7 18. Nxe7+ Rxe7 19. Qb4 Bc6 20. d5 Be8 21.
Qxd6 Bf8 22. Qa3 Rc7 23. Qd3 Bd6 24. b3 b6 25. f4 exf4 26. Bxf4 Qd7 27. Nc3 Rd8
28. Ne4 Bxf4 29. Rxf4 f5 30. Nc3 Qd6 31. Re1 a6 32. Qe3 Bf7 33. Qe5 Qd7 34.
Rff1 Re8 35. Qd4 b5 36. c5 1/2-1/2

[Event "Preferente Aragonesa Grupo B"]
[Site "Aragon"]
[Date "2017.03.18"]
[Round "8.55"]
[White "Sanchez Perez, Jose Felix"]
[Black "Garcia Estruch, Jorge"]
[Result "0-1"]
[WhiteElo "1554"]
[BlackElo "1819"]
[PlyCount "78"]
[EventDate "2017.01.28"]
[WhiteTeam "Delicias B"]
[BlackTeam "Sabiñanigo"]

1. e4 d5 2. exd5 Qxd5 3. Nf3 Nf6 4. Nc3 Qa5 5. Be2 c6 6. O-O Bg4 7. Ne1 Bxe2 8.
Qxe2 e6 9. d3 Bb4 10. Ne4 Nbd7 11. c3 Be7 12. Nf3 O-O 13. Nd4 Nxe4 14. Qxe4 Nf6
15. Qe2 Qc7 16. Re1 c5 17. Nf3 h6 18. d4 a5 19. g3 cxd4 20. Nxd4 Rac8 21. Bf4
Qc4 22. Qf3 Qd5 23. Qd1 Qd7 24. Nf3 Rfd8 25. Qxd7 Rxd7 26. Ne5 Rdd8 27. Rad1
Nd5 28. Bc1 Nf6 29. c4 Bb4 30. Rxd8+ Rxd8 31. Rf1 Ne4 32. Be3 Nd2 33. Ra1 f6
34. Bxd2 Rxd2 35. a3 Bc5 36. Ng4 Rxb2 37. a4 Kf7 38. h3 Ke7 39. Kf1 e5 0-1

[Event "Preferente Aragonesa Grupo B"]
[Site "Aragon"]
[Date "2017.03.18"]
[Round "8.56"]
[White "Martinez Carnicer, Eduardo"]
[Black "Sanchez Perez, Carlos"]
[Result "1-0"]
[WhiteElo "1822"]
[BlackElo "1552"]
[PlyCount "63"]
[EventDate "2017.01.28"]
[WhiteTeam "Sabiñanigo"]
[BlackTeam "Delicias B"]

1. e4 d6 2. d4 Nf6 3. Nc3 g6 4. Nf3 Bg7 5. Bc4 O-O 6. Qe2 Nfd7 7. Be3 Nb6 8.
Bb3 N8d7 9. O-O e6 10. a4 Nb8 11. Rfd1 N6d7 12. Bg5 Qe8 13. Nb5 Na6 14. c4 f6
15. Be3 Qe7 16. Rac1 c6 17. Nc3 Nc7 18. d5 cxd5 19. exd5 e5 20. c5 e4 21. Nd2
f5 22. cxd6 Qxd6 23. Nc4 Qb4 24. Qc2 Nc5 25. Bxc5 Qxc5 26. d6 Be6 27. dxc7 Bxc4
28. Nb5 a6 29. Qxc4+ Qxc4 30. Bxc4+ Kh8 31. Nd6 Be5 32. Nf7+ 1-0

[Event "Preferente Aragonesa Grupo B"]
[Site "Aragon"]
[Date "2017.03.18"]
[Round "8.57"]
[White "Colom Sienes, Eduardo"]
[Black "Gil Capape, Marco Antonio"]
[Result "1-0"]
[WhiteElo "2061"]
[BlackElo "2110"]
[PlyCount "95"]
[EventDate "2017.01.28"]
[WhiteTeam "Palacio de Pioneros B"]
[BlackTeam "Caissa-Hnos Cortes"]

1. e4 e6 2. d4 d5 3. Bd3 Be7 4. Ne2 c5 5. exd5 exd5 6. dxc5 Bxc5 7. O-O Nf6 8.
Bg5 Be6 9. Nd2 O-O 10. Nb3 Bb6 11. c3 Nbd7 12. Bc2 Re8 13. Ned4 Qb8 14. Qd2 Ng4
15. f4 f5 16. Kh1 g6 17. Nxe6 Rxe6 18. Qxd5 Qd6 19. Qxd6 Rxd6 20. Nd4 Bxd4 21.
cxd4 Rxd4 22. Bb3+ Kf8 23. Rae1 Re8 24. Rxe8+ Kxe8 25. h3 Ngf6 26. Rc1 b6 27.
Rc6 Nd5 28. Rd6 h6 29. Bxd5 hxg5 30. Bf7+ Kxf7 31. Rxd4 Nc5 32. fxg5 Ke6 33.
Rd8 Ne4 34. Ra8 Ke5 35. Rxa7 Kf4 36. Ra4 Ke3 37. Rb4 Kf2 38. h4 Ng3+ 39. Kh2
Nf1+ 40. Kh3 Ne3 41. Rf4+ Kg1 42. h5 Nxg2 43. Rf3 Ne1 44. Rg3+ Kf2 45. hxg6 f4
46. Rc3 f3 47. g7 Ke2 48. Rxf3 1-0

[Event "Preferente Aragonesa Grupo B"]
[Site "Aragon"]
[Date "2017.03.18"]
[Round "8.58"]
[White "Vera Aranjuelo, Jesus Maria"]
[Black "Castillo Sanjuan, Alejandro"]
[Result "0-1"]
[WhiteElo "2029"]
[BlackElo "2045"]
[PlyCount "98"]
[EventDate "2017.01.28"]
[WhiteTeam "Caissa-Hnos Cortes"]
[BlackTeam "Palacio de Pioneros B"]

1. d4 Nf6 2. Nf3 g6 3. Bf4 Bg7 4. e3 O-O 5. Be2 d6 6. h3 Nbd7 7. O-O Qe8 8. Bh2
e5 9. c4 Ne4 10. Nbd2 f5 11. Rc1 Nxd2 12. Qxd2 e4 13. Ne1 Nf6 14. c5 dxc5 15.
Rxc5 c6 16. b4 Bd7 17. Bd6 Rf7 18. Bc4 Be6 19. Qc2 Nd5 20. b5 Rd8 21. Bh2 Bf8
22. Bxd5 Bxd5 23. bxc6 Bxc5 24. c7 Rc8 25. Qxc5 Qe6 26. Nc2 b6 27. Qa3 a5 28.
Ra1 g5 29. Be5 f4 30. Qd6 Qxd6 31. Bxd6 Rf6 32. Be5 Rc6 33. Na3 R8xc7 34. Bxc7
Rxc7 35. Nb5 Rc2 36. a3 Bc4 37. Rb1 Bd3 38. Rb3 Rc1+ 39. Kh2 Rf1 40. exf4 gxf4
41. Nc7 Rxf2 42. d5 f3 43. d6 Rxg2+ 44. Kh1 f2 45. Rb1 Rg6 46. d7 Rd6 47. Ne8
Bxb1 48. Nxd6 f1=Q+ 49. Kh2 Qf4+ 0-1

[Event "Preferente Aragonesa Grupo B"]
[Site "Aragon"]
[Date "2017.03.18"]
[Round "8.59"]
[White "Zambrana Petisme, Ramiro"]
[Black "Carraminana Lopez, Luis Antoni"]
[Result "0-1"]
[WhiteElo "2042"]
[BlackElo "1935"]
[PlyCount "118"]
[EventDate "2017.01.28"]
[WhiteTeam "Palacio de Pioneros B"]
[BlackTeam "Caissa-Hnos Cortes"]

1. e4 c6 2. Nc3 d5 3. Nf3 Bg4 4. h3 Bxf3 5. Qxf3 Nf6 6. e5 Nfd7 7. d4 Qb6 8.
Qg4 e6 9. Bd3 c5 10. dxc5 Nxc5 11. Bb5+ Nc6 12. O-O a6 13. Bxc6+ Qxc6 14. Be3
g6 15. Rfe1 Bg7 16. Bf4 Nd7 17. Rad1 O-O 18. h4 Qc4 19. Qg3 Rac8 20. h5 b5 21.
a3 b4 22. axb4 Qxb4 23. Rb1 Rc4 24. Na2 Qa5 25. Nc3 Rfc8 26. hxg6 hxg6 27. Qh2
Qb6 28. Bh6 Qd4 29. Bxg7 Kxg7 30. Rbd1 Qg4 31. f3 Qg5 32. Kf2 Rb8 33. Re2 Rh8
34. Qg3 Qxg3+ 35. Kxg3 Rb8 36. Ra1 Rxb2 37. Nd1 Rcxc2 38. Rxc2 Rxc2 39. Rxa6
Nxe5 40. Ne3 Re2 41. Nd1 Nc4 42. Nc3 Rc2 43. Nd1 Kf6 44. Ra7 g5 45. Rd7 Kg6 46.
Rd8 f5 47. f4 gxf4+ 48. Kxf4 e5+ 49. Kf3 Rd2 50. Ne3 Rd3 51. Rxd5 Rxe3+ 52. Kf2
f4 53. Rc5 Nd2 54. Rb5 Kf5 55. Ra5 Ne4+ 56. Kg1 Ng3 57. Ra1 Kg4 58. Kh2 Re2 59.
Re1 f3 0-1

[Event "Preferente Aragonesa Grupo B"]
[Site "Aragon"]
[Date "2017.03.18"]
[Round "8.60"]
[White "Galvez Perez, Jose Luis"]
[Black "Gomez Salinas, Nestor"]
[Result "1-0"]
[WhiteElo "1931"]
[BlackElo "1951"]
[PlyCount "85"]
[EventDate "2017.01.28"]
[WhiteTeam "Caissa-Hnos Cortes"]
[BlackTeam "Palacio de Pioneros B"]

1. Nf3 Nf6 2. g3 g6 3. Bg2 Bg7 4. c4 d6 5. Nc3 O-O 6. d3 e5 7. Bg5 h6 8. Bxf6
Bxf6 9. O-O c6 10. Nd2 Be6 11. Rb1 Qd7 12. Qa4 Bh3 13. b4 h5 14. b5 Bxg2 15.
Kxg2 b6 16. bxc6 Qxc6+ 17. Qxc6 Nxc6 18. Nd5 Bg7 19. Ne4 Rad8 20. e3 f5 21.
Nec3 Rd7 22. h4 Re8 23. Rb3 Na5 24. Ra3 e4 25. d4 Nxc4 26. Ra6 Na5 27. Nb5 Nc6
28. Rc1 Rc8 29. Nb4 Ne7 30. Rxc8+ Nxc8 31. Nc6 Bf8 32. d5 Kf7 33. Nbxa7 Nxa7
34. Nxa7 Rc7 35. Nc6 Rc8 36. a4 Ke8 37. Rxb6 Kd7 38. a5 Ra8 39. a6 Kc7 40. Rb7+
Kc8 41. Rf7 Bh6 42. a7 g5 43. Re7 1-0